Handbook of taxation laws of India, (Record no. 72270)

MARC details
000 -LEADER
fixed length control field 00685cam a22002411 4500
001 - CONTROL NUMBER
control field sa 67000877
003 - CONTROL NUMBER IDENTIFIER
control field DLC
005 - DATE AND TIME OF LATEST TRANSACTION
control field 20260227112318.0
008 - FIXED-LENGTH DATA ELEMENTS--GENERAL INFORMATION
fixed length control field 740123s1966 ii k 000 0 eng
010 ## - LIBRARY OF CONGRESS CONTROL NUMBER
LC control number sa 67000877
025 ## - OVERSEAS ACQUISITION NUMBER
Overseas acquisition number PL480:I-E-6945
040 ## - CATALOGING SOURCE
Original cataloging agency DLC
Transcribing agency DLC
Modifying agency DLC
043 ## - GEOGRAPHIC AREA CODE
Geographic area code a-ii---
050 00 - LIBRARY OF CONGRESS CALL NUMBER
Classification number KNS2784
Item number 1966
082 00 - DEWEY DECIMAL CLASSIFICATION NUMBER
Classification number 340
110 1# - MAIN ENTRY--CORPORATE NAME
Corporate name or jurisdiction name as entry element India (Republic).
Form subheading Laws, statutes, etc.
245 10 - TITLE STATEMENT
Title Handbook of taxation laws of India,
Statement of responsibility, etc. by P. L. Malik.
250 ## - EDITION STATEMENT
Edition statement 4th ed.
260 ## - PUBLICATION, DISTRIBUTION, ETC.
Place of publication, distribution, etc. Lucknow,
Name of publisher, distributor, etc. Eastern Book Co.,
Date of publication, distribution, etc. 1966.
300 ## - PHYSICAL DESCRIPTION
Extent l v. (various pagings)
Other physical details forms.
Dimensions 25 cm.
650 #0 - SUBJECT ADDED ENTRY--TOPICAL TERM
Topical term or geographic name entry element Taxation
General subdivision Law and legislation
Geographic subdivision India.
700 1# - ADDED ENTRY--PERSONAL NAME
Personal name Malik, P.L.,
Relator term ed.

No items available.

Powered by Koha